[Event "Vladivostok op"]
[Site "Vladivostok"]
[Date "2010.06.09"]
[Round "9"]
[White "Chubukin, Aleksandr Nikolaevi"]
[Black "Garifullin, Roman"]
[Result "1-0"]
[WhiteElo "2228"]
[BlackElo "2249"]
[PlyCount "49"]
[EventDate "2010.06.01"]
[EventType "swiss"]
[EventRounds "9"]
[EventCountry "RUS"]
[SourceTitle "CBM 137 Extra"]
[Source "ChessBase"]
[SourceDate "2010.09.01"]
[SourceVersion "1"]
[SourceVersionDate "2010.09.01"]
[SourceQuality "1"]

1. e4 c6 2. d4 d5 3. Nd2 dxe4 4. Nxe4 Nd7 5. Nf3 Ngf6 6. Ng3 e6 7. Bd3 Be7 8. 0-0 0-0 9. Ne5 c5 10. Be3 Nd5 11. Qh5 g6 12. Qh6 Nxe3 13. Nh5 Nf5 14. Bxf5 Bf6 15. Nxg6 fxg6 16. Bxe6+ Kh8 17. Nf4 Rg8 18. Bxg8 Qxg8 19. Rfe1 cxd4 20. Re6 b6 21. Rae1 Bb7 22. h4 Rf8 23. Rd6 Re8 24. Rxe8 Qxe8 25. Rxd7 1-0

[Event "Vladivostok op"]
[Site "Vladivostok"]
[Date "2009.06.??"]
[Round "1"]
[White "Fedorov, Evgueny"]
[Black "Garifullin, Roman"]
[Result "0-1"]
[WhiteElo "2244"]
[BlackElo "2279"]
[PlyCount "70"]
[EventDate "2009.06.??"]
[EventType "swiss"]
[EventRounds "9"]
[EventCountry "RUS"]
[SourceTitle "EXT 2012"]
[Source "ChessBase"]
[SourceDate "2011.11.24"]
[SourceVersion "1"]
[SourceVersionDate "2011.11.24"]
[SourceQuality "1"]

1. d4 d5 2. c4 e6 3. Nc3 Nf6 4. Bg5 Nbd7 5. e3 Be7 6. Nf3 0-0 7. Bd3 dxc4 8. Bxc4 a6 9. a4 c5 10. 0-0 b6 11. Rc1 Bb7 12. Qe2 Nd5 13. Bxe7 Qxe7 14. Rfd1 Nb4 15. d5 e5 16. Ne4 Kh8 17. Nfg5 g6 18. d6 Qe8 19. Qg4 f6 20. Qh4 fxg5 21. Nxg5 h5 22. Ne6 Rf5 23. g4 Rf3 24. Qg5 Kh7 25. gxh5 Rf5 26. hxg6+ Qxg6 27. Qxg6+ Kxg6 28. f4 Kf6 29. Kf2 b5 30. axb5 axb5 31. Bxb5 Kxe6 32. Bxd7+ Kxd7 33. Rxc5 Nc6 34. b4 Ra2+ 35. Kg3 exf4+ 0-1

[Event "Vladivostok op"]
[Site "Vladivostok"]
[Date "2009.06.??"]
[Round "6"]
[White "Garifullin, Roman"]
[Black "Pestov, Konstantin"]
[Result "1-0"]
[WhiteElo "2279"]
[BlackElo "2136"]
[PlyCount "93"]
[EventDate "2009.06.??"]
[EventType "swiss"]
[EventRounds "9"]
[EventCountry "RUS"]
[SourceTitle "EXT 2012"]
[Source "ChessBase"]
[SourceDate "2011.11.24"]
[SourceVersion "1"]
[SourceVersionDate "2011.11.24"]
[SourceQuality "1"]

1. c4 Nf6 2. Nc3 g6 3. g3 Bg7 4. Bg2 0-0 5. e3 d6 6. Nge2 Nc6 7. 0-0 Bg4 8. h3 Bf5 9. d4 Qc8 10. Kh2 e5 11. d5 Ne7 12. e4 Bd7 13. Bg5 h6 14. Be3 Nh5 15. g4 Nf6 16. c5 Ne8 17. cxd6 Nxd6 18. Qd3 f5 19. f3 fxe4 20. fxe4 Rxf1 21. Rxf1 Be8 22. a4 c5 23. dxc6 Qxc6 24. Rc1 Nf7 25. Nd5 Qe6 26. Nc7 Qc8 27. Nxa8 Qxa8 28. b4 a6 29. Nc3 Nc6 30. Nd5 Qd8 31. b5 Nd4 32. Rc8 Qd7 33. Rc7 Qd6 34. Rxb7 axb5 35. axb5 Bd7 36. Qc4 Be6 37. Qb4 Bxd5 38. Qxd6 Nxd6 39. Rb8+ Kf7 40. exd5 N4xb5 41. Bc5 e4 42. Bxe4 Be5+ 43. Kg2 Nc3 44. Bf3 Nde4 45. Rf8+ Kg7 46. Bxe4 Nxe4 47. Re8 1-0

[Event "Vladivostok op"]
[Site "Vladivostok"]
[Date "2009.06.??"]
[Round "3"]
[White "Kapkan, Evgeniy"]
[Black "Garifullin, Roman"]
[Result "1-0"]
[WhiteElo "1981"]
[BlackElo "2279"]
[PlyCount "73"]
[EventDate "2009.06.??"]
[EventType "swiss"]
[EventRounds "9"]
[EventCountry "RUS"]
[SourceTitle "EXT 2012"]
[Source "ChessBase"]
[SourceDate "2011.11.24"]
[SourceVersion "1"]
[SourceVersionDate "2011.11.24"]
[SourceQuality "1"]

1. d4 d5 2. c4 e6 3. Nc3 Nf6 4. Bg5 Be7 5. e3 0-0 6. Nf3 a6 7. Bd3 dxc4 8. Bxc4 b5 9. Bd3 Bb7 10. Bxf6 Bxf6 11. Be4 c6 12. 0-0 Nd7 13. b4 e5 14. dxe5 Nxe5 15. Nxe5 Bxe5 16. Qc2 g6 17. Rad1 Qe7 18. Ne2 Qxb4 19. f4 Bg7 20. Rd7 Rae8 21. Ng3 Bc8 22. Rc7 f5 23. Bxc6 Rxe3 24. Rxc8 Bd4 25. Rxf8+ Qxf8 26. Bd5+ Kh8 27. Kh1 Rxg3 28. Bf3 Rxf3 29. Rxf3 Qb4 30. Qd1 Kg7 31. Rd3 Bb6 32. Qa1+ Kf7 33. Rd7+ Ke6 34. Qd1 Qc5 35. Rxh7 Kf6 36. Qa1+ Ke6 37. Rg7 1-0

[Event "Vladivostok op"]
[Site "Vladivostok"]
[Date "2009.06.??"]
[Round "7"]
[White "Kravtsov, Sergey"]
[Black "Garifullin, Roman"]
[Result "1-0"]
[WhiteElo "2370"]
[BlackElo "2279"]
[PlyCount "77"]
[EventDate "2009.06.??"]
[EventType "swiss"]
[EventRounds "9"]
[EventCountry "RUS"]
[SourceTitle "EXT 2012"]
[Source "ChessBase"]
[SourceDate "2011.11.24"]
[SourceVersion "1"]
[SourceVersionDate "2011.11.24"]
[SourceQuality "1"]

1. d4 d5 2. c4 c6 3. Nf3 Nf6 4. Nc3 a6 5. Bg5 dxc4 6. a4 Nd5 7. a5 h6 8. Bd2 Bf5 9. e4 Nxc3 10. bxc3 Bxe4 11. Bxc4 Bd5 12. Bd3 e6 13. 0-0 c5 14. c4 Bxf3 15. Qxf3 Nc6 16. d5 Ne5 17. Qe2 Nxd3 18. Qxd3 Qd7 19. Bc3 0-0-0 20. Rfd1 exd5 21. cxd5 f6 22. Rab1 Be7 23. Rb6 Rhe8 24. d6 Bf8 25. Qd5 Re6 26. Qxc5+ Kb8 27. Bb4 Re5 28. Qd4 Ka8 29. h3 Rc8 30. Bd2 Be7 31. Be3 Bd8 32. Rb3 Rcc5 33. Rc3 Rxe3 34. Rxc5 Re6 35. Rdc1 Kb8 36. Rc7 Bxc7 37. dxc7+ Qxc7 38. Rxc7 Kxc7 39. Qc4+ 1-0

[Event "Vladivostok Cup op"]
[Site "Vladivostok"]
[Date "2009.03.26"]
[Round "6"]
[White "Chubukin, Aleksandr Nikolaevi"]
[Black "Garifullin, Roman"]
[Result "1-0"]
[WhiteElo "2235"]
[BlackElo "2279"]
[PlyCount "81"]
[EventDate "2009.03.21"]
[EventType "swiss"]
[EventRounds "7"]
[EventCountry "RUS"]
[SourceTitle "EXT 2012"]
[Source "ChessBase"]
[SourceDate "2011.11.24"]
[SourceVersion "1"]
[SourceVersionDate "2011.11.24"]
[SourceQuality "1"]

1. e4 c5 2. Nf3 Nc6 3. d4 cxd4 4. Nxd4 Nf6 5. Nc3 e5 6. Ndb5 d6 7. Bg5 a6 8. Na3 Be6 9. Nc4 Rc8 10. Ne3 Be7 11. Bxf6 Bxf6 12. Ncd5 Bg5 13. Bc4 0-0 14. 0-0 Kh8 15. Kh1 Nd4 16. Bb3 f5 17. f4 Nxb3 18. axb3 exf4 19. Nxf4 Bxf4 20. Rxf4 fxe4 21. Rxe4 Bf7 22. Rd4 Qf6 23. Nc4 Bxc4 24. bxc4 d5 25. cxd5 Rxc2 26. d6 Rcc8 27. d7 Rcd8 28. Rc1 h6 29. h3 Qf5 30. Rd5 Qe6 31. Rd6 Rf1+ 32. Qxf1 Qxd6 33. Rd1 Qf6 34. Qe2 Qc6 35. Qe7 Qf6 36. Qe8+ Kh7 37. Qe4+ Kg8 38. Qxb7 Qe6 39. Qc7 Qf6 40. Re1 Qf8 41. Qxd8 1-0

[Event "Vladivostok op 03"]
[Site "Vladivostok"]
[Date "2008.03.25"]
[Round "6"]
[White "Garifullin, Roman"]
[Black "Golubkov, Anton"]
[Result "1-0"]
[WhiteElo "2335"]
[BlackElo "2288"]
[PlyCount "67"]
[EventDate "2008.03.22"]
[EventType "swiss"]
[EventRounds "9"]
[EventCountry "RUS"]
[SourceTitle "EXT 2022"]
[Source "ChessBase"]
[SourceDate "2021.10.06"]
[SourceVersion "1"]
[SourceVersionDate "2021.10.06"]
[SourceQuality "1"]

1. c4 Nf6 2. Nc3 g6 3. g3 Bg7 4. Bg2 0-0 5. e3 e5 6. Nge2 c6 7. 0-0 d5 8. cxd5 Nxd5 9. d4 Be6 10. e4 Nxc3 11. bxc3 Bc4 12. Be3 Nd7 13. Re1 Qa5 14. Qc2 Rfd8 15. f4 exd4 16. cxd4 Bxe2 17. Qxe2 Nb6 18. e5 Nd5 19. Bf2 Bf8 20. e6 Re8 21. f5 Nf6 22. exf7+ Kxf7 23. fxg6+ hxg6 24. Qc4+ Kg7 25. Rab1 Rxe1+ 26. Bxe1 Qc7 27. d5 Rc8 28. dxc6 bxc6 29. Bc3 Bd6 30. Qe6 Rf8 31. Rd1 Bc5+ 32. Kh1 Rf7 33. Bxf6+ Rxf6 34. Rd7+ 1-0

[Event "Vladivostok op 03"]
[Site "Vladivostok"]
[Date "2008.03.24"]
[Round "5"]
[White "Kononenko, Maxim"]
[Black "Garifullin, Roman"]
[Result "1/2-1/2"]
[WhiteElo "2251"]
[BlackElo "2335"]
[PlyCount "56"]
[EventDate "2008.03.22"]
[EventType "swiss"]
[EventRounds "9"]
[EventCountry "RUS"]
[SourceTitle "EXT 2022"]
[Source "ChessBase"]
[SourceDate "2021.10.06"]
[SourceVersion "1"]
[SourceVersionDate "2021.10.06"]
[SourceQuality "1"]

1. e4 c5 2. Nf3 Nc6 3. d4 cxd4 4. Nxd4 Nf6 5. Nc3 e5 6. Ndb5 d6 7. Nd5 Nxd5 8. exd5 Ne7 9. c4 Ng6 10. Be2 a6 11. Nc3 Be7 12. 0-0 0-0 13. Be3 f5 14. f3 Nf4 15. b4 Bg5 16. Qd2 Rf6 17. Kh1 Rg6 18. g3 Nxe2 19. Nxe2 Bf6 20. Rac1 f4 21. gxf4 a5 22. b5 Qe8 23. Ng3 Bh3 24. Rf2 Bh4 25. Rg1 Bxg3 26. Rxg3 Rxg3 27. hxg3 Rc8 28. Rh2 Bf5 1/2-1/2

[Event "Primorie-ch PL"]
[Site "Vladivostok"]
[Date "2006.??.??"]
[Round "3"]
[White "Korniushin, Nikolay"]
[Black "Garifullin, Roman"]
[Result "0-1"]
[WhiteElo "2356"]
[BlackElo "2307"]
[PlyCount "60"]
[EventDate "2006.12.02"]
[EventType "swiss"]
[EventRounds "9"]
[EventCountry "RUS"]
[SourceTitle "EXT 2019"]
[Source "ChessBase"]
[SourceDate "2018.10.10"]
[SourceVersion "1"]
[SourceVersionDate "2018.10.10"]
[SourceQuality "1"]

1. e4 c5 2. Nc3 Nc6 3. f4 g6 4. Nf3 Bg7 5. Bc4 d6 6. 0-0 Nf6 7. d3 0-0 8. f5 gxf5 9. Qe1 fxe4 10. dxe4 Ng4 11. Bg5 Nce5 12. Nxe5 Nxe5 13. Nd5 Re8 14. Qh4 Ng6 15. Nxe7+ Rxe7 16. Bxe7 Qxe7 17. Qxe7 Nxe7 18. Rxf7 d5 19. Rxe7 dxc4 20. Rf1 Bg4 21. Rf4 Bh5 22. g4 Be8 23. Rxb7 Bc6 24. Re7 Bxb2 25. Rf5 Bd4+ 26. Kg2 c3 27. Kg3 Ba4 28. Rg5+ Kh8 29. Rh5 Bxc2 30. Rhxh7+ Kg8 0-1

[Event "Primorie-ch PL"]
[Site "Vladivostok"]
[Date "2006.??.??"]
[Round "8"]
[White "Kravtsov, Sergey"]
[Black "Garifullin, Roman"]
[Result "1-0"]
[WhiteElo "2355"]
[BlackElo "2307"]
[PlyCount "55"]
[EventDate "2006.12.02"]
[EventType "swiss"]
[EventRounds "9"]
[EventCountry "RUS"]
[SourceTitle "EXT 2019"]
[Source "ChessBase"]
[SourceDate "2018.10.10"]
[SourceVersion "1"]
[SourceVersionDate "2018.10.10"]
[SourceQuality "1"]

1. e4 c5 2. Nf3 Nc6 3. Bb5 e6 4. Bxc6 bxc6 5. d3 d5 6. e5 Ne7 7. h4 h5 8. c4 Nf5 9. Nc3 Be7 10. Bg5 Bxg5 11. hxg5 Nd4 12. Qd2 Qc7 13. Nxd4 cxd4 14. Ne2 Qxe5 15. f4 Qd6 16. Nxd4 e5 17. Qe3 dxc4 18. Nf3 Qb4+ 19. Kf1 Be6 20. Nxe5 Qxb2 21. Re1 0-0-0 22. dxc4 Qd4 23. Kf2 Kc7 24. f5 Bxc4 25. Nxc4 Qxc4 26. Qxa7+ Kc8 27. Qa8+ Kc7 28. Re7+ 1-0